00466nam a2200145 a 4500020001800000041000800018100003500026245013200061260002700193300001000220650002600230650001300256662002300269700002800292 a9789588317250 aspa aPeña Venegas, Clara Patricia aEvaluación de mecanismos de control de la hormiga arriera y otros insectos en comunidades indigenas de la Amazonia colombiana aBogotábSINCHIc2007 a24 p. aMecanismos de control aInsectos aColombiacAmazonia aVan Gils, Heike Antonia